The strongbox /

Bibliographic Details
Main Author: Swiggett, Howard, 1891-1957
Format: Book
Language:English
Published: Boston : Houghton Mifflin, [1955]

MARC

Tag First Indicator Second Indicator Subfields
LEADER 00000cam a2200000 4500
001 in00000032858
005 20151007063238.0
008 750613s1955 mau 00001 eng u
010 |a  55006552  
035 |a (OCoLC)01391596 
035 |9 AAD6903AM 
040 |c ORL  |d TXA  |d UtOrBLW 
049 |a TXAM  |c [247593] 
050 0 0 |a PZ3.S9769  |b St 
090 |a PS3537.W48  |b S77 1955 
092 |a 813  |b S977s 
100 1 |a Swiggett, Howard,  |d 1891-1957. 
245 1 4 |a The strongbox /  |c by Howard Swiggett. 
264 1 |a Boston :  |b Houghton Mifflin,  |c [1955] 
264 4 |c ©1955 
300 |a 309 pages ;  |c 22 cm. 
336 |a text  |b txt  |2 rdacontent 
337 |a unmediated  |b n  |2 rdamedia 
338 |a volume  |b nc  |2 rdacarrier 
999 |a MARS 
999 f f |s 7c7df019-655a-368a-b67c-e1c4decfe6c0  |i c8524f69-dced-3cbf-842f-f43d7d3fe300  |t 0 
952 f f |p ric  |a Texas A&M University  |b Rellis Campus  |c Joint Library Facility  |d Remote Storage  |t 0  |e PS3537.W48 S77 1955  |h Library of Congress classification  |i unmediated -- volume  |m A14801252576 
998 f f |a PS3537.W48 S77 1955  |t 0  |l Remote Storage